| 000 | 00814nam0a22002291 4500 | ||
|---|---|---|---|
| 001 | v19\rc\2090676 | ||
| 005 | 20250620035647.0 | ||
| 035 | _a(NLR Aleph) 005160803 | ||
| 090 |
_a4984793 _c4984793 |
||
| 100 | _a20081218d1914 |||y0rusy50 ca | ||
| 101 | 0 | _arus | |
| 102 | _aRU | ||
| 105 | _aa b ||||| | ||
| 200 | 1 |
_aКаталог _fСклад фотогр., фотоэлектр. и муз. принадлежностей, Торг. д. А.С. Артемьев, К.К. Барат и К°. Оренбург |
|
| 210 |
_aОренбург _d1914 |
||
| 215 |
_a[6], VIII, LXII, 452 с. _cил. |
||
| 710 | 0 | 2 |
_aАртемьев, А.С., Барат, К.К. и К°, торг. д. _cОренбург |
| 801 | 0 |
_aRU _bNLR _gpsbo |
|
| 801 | 1 |
_aRU _bProSoft-M _2rusmarc |
|
| 852 |
_aNLR _j37.46.9.59 |
||
| 942 | _cBOOK | ||
| 980 | _aNB | ||